Super League (Switzerland) Top 4 Positions - Statistics

General Stats
  • This quiz has been taken 498 times
  • The average score is 14 of 29
Answer Stats
Answer % Correct
Basel
98%
Zurich
98%
Young Boys
97%
Grasshopper
93%
St. Gallen
88%
Lugano
85%
Lausanne
83%
Luzern
83%
Servette
83%
Sion
80%
Thun
71%
Winterthur
66%
Aarau
63%
Neuchatel Xamax
56%
Bellinzona
50%
Bern
42%
Biel-Bienne
35%
La Chaux-de-Fonds
23%
Chiasso
22%
Old Boys Basel
19%
Urania Genève Sport
16%
Étoile Carouge
14%
Bruhl
11%
Grenchen
10%
Wettingen
9%
Young Fellows Zurich
7%
Anglo-American Club Zurich
6%
Nordstern Basel
6%
Blue Stars Zurich
3%
No matching quizzes found
Score Distribution
Percent of People with Each Score
Percentile by Number Answered
Your Score History
You have not taken this quiz